Hacia un análisis lingüístico-cuantitativo de la poesía de Pedro Salinas
Na minha lista:
| Autor principal: | |
|---|---|
| Formato: | Livro |
| Idioma: | espanhol |
| Publicado em: |
Murcia
Universidad de Murcia
1982
|
| Assuntos: | |
| Tags: |
Adicionar Tag
Sem tags, seja o primeiro a adicionar uma tag!
|
MARC
| LEADER | 00000nam a2200000 a 4500 | ||
|---|---|---|---|
| 001 | UCQ5231 | ||
| 003 | CL-VaPUC | ||
| 008 | 980925e19820000SP |||||||||||||||||spa|d | ||
| 082 | 0 | 4 | |a 861.09 |b ALM |2 21 |
| 100 | 0 | |a Almela Pérez, Ramón |e author |9 419383 | |
| 245 | 1 | 0 | |a Hacia un análisis lingüístico-cuantitativo de la poesía de Pedro Salinas |
| 300 | |a 547 p | ||
| 942 | |c BK | ||
| 945 | |d 19980925 00:00:00 |a crobeson | ||
| 260 | |a Murcia |b Universidad de Murcia |c 1982 | ||
| 600 | 0 | 7 | |a SALINAS, PEDRO |2 CL-VaPUC |9 346622 |
| 650 | 0 | |a Poesía española |9 264938 | |
| 650 | 0 | |a Literatura española |9 306261 | |
| 650 | 0 | |a Crítica e interpretación |9 255042 | |
| 650 | 0 | |a Crítica literaria |9 269189 | |
| 650 | 0 | |a Análisis lingüístico |9 314711 | |
| 583 | |a last modification |c 19980925 00:00:00 |k Rodrigo Vera | ||
| 999 | |c 275446 |d 275444 | ||
| 952 | |0 0 |1 0 |4 0 |6 861_090000000000000_ALM_1982 |7 0 |8 A |9 312189 |a BIBEDU |b BIBEDU |d 2019-11-20 |i 1469371 |o 861.09 ALM 1982 |p 1469371 |r 2019-11-20 |w 2019-11-20 |y BK |k LIT | ||